Statistics for 2020 Washington Football Team Roster

Click here to take the quiz!

General Stats

  • This quiz has been taken 74 times
  • The average score is 27 of 40

Answer Stats

PositionPlayer% Correct
WRTerry McLaurin
97%
QBAlex Smith
95%
RBAntonio Gibson
95%
DTJonathan Allen
93%
DEChase Young
92%
DEMontez Sweat
90%
WRCam Sims
88%
TELogan Thomas
88%
WRSteven Sims, Jr.
88%
PRSteven Sims, Jr.
88%
DTDaRon Payne
87%
HCRon Rivera
85%
RBJ.D. McKissic
83%
CBKendall Fuller
83%
PTress Way
83%
RGBrandon Scherff
82%
KDustin Hopkins
78%
SSKamren Curl
78%
MLBCole Holcomb
72%
LTMorgan Moses
72%
DCJack Del Rio
70%
MLBJon Bostic
68%
DERyan Kerrigan
68%
CChase Roullier
67%
CBRonald Darby
67%
CBJimmy Moreland
58%
KRDanny Johnson
57%
DTTim Settle
57%
OCScott Turner
55%
FSTroy Apke
53%
LSNick Sundberg
47%
LGWes Schweitzer
45%
CBFabian Moreau
42%
WRDontrelle Inman
40%
SSJeremy Reaves
40%
OLBThomas Davis, Sr.
38%
WRIsaiah Wright
33%
OLBShaun Dion Hamilton
32%
RTDavid Sharpe
27%
OLBKevin Pierre-Louis
27%

Score Distribution

Percentile by Number Answered

Percent of People with Each Score

Your Score History

You have not taken this quiz